Statistics for 長野県の市町村 (2000年)

Click here to take the quiz!

General Stats

  • This quiz has been taken 39 times
    (24 since last reset)
  • The average score is 96 of 120

Answers on the Map

Answers color-coded by a green-red scale on the quiz's map according to % correct below.
 

Answer Stats

ヒント市町村名% Correct
長野市ながのし
100%
塩尻市しおじりし
100%
諏訪郡原村はらむら
100%
下伊那郡売木村うるぎむら
100%
松本市まつもとし
100%
下伊那郡上村かみむら
100%
木曽郡南木曽町なぎそまち
100%
木曽郡木祖村きそむら
100%
南佐久郡佐久町さくまち
100%
南安曇郡安曇村あづみむら
100%
佐久市さくし
100%
諏訪郡下諏訪町しもすわまち
100%
諏訪郡富士見町ふじみまち
100%
茅野市ちのし
100%
大町市おおまちし
100%
北安曇郡白馬村はくばむら
100%
駒ヶ根市こまがねし
100%
北安曇郡小谷村おたりむら
100%
上田市うえだし
100%
小諸市こもろし
100%
下高井郡野沢温泉村のざわおんせんむら
100%
飯山市いいやまし
100%
諏訪市すわし
100%
飯田市いいだし
100%
下伊那郡松川町まつかわまち
94%
上伊那郡辰野町たつのまち
94%
木曽郡上松町あげまつまち
94%
上水内郡信濃町しなのまち
94%
下伊那郡天龍村てんりゅうむら
94%
木曽郡大桑村おおくわむら
94%
北安曇郡松川村まつかわむら
94%
下水内郡栄村さかえむら
94%
岡谷市おかやし
94%
北佐久郡軽井沢町かるいざわまち
94%
中野市なかのし
94%
南佐久郡小海町こうみまち
94%
伊那市いなし
94%
下伊那郡高森町たかもりまち
89%
上伊那郡南箕輪村みなみみのわむら
89%
東筑摩郡山形村やまがたむら
89%
下伊那郡阿南町あなんちょう
89%
木曽郡王滝村おうたきむら
89%
北佐久郡御代田町みよたまち
89%
下伊那郡豊丘村とよおかむら
89%
上高井郡小布施町おぶせまち
89%
下伊那郡根羽村ねばむら
89%
上伊那郡箕輪町みのわまち
89%
北佐久郡立科町たてしなまち
89%
南佐久郡北相木村きたあいきむら
89%
須坂市すざかし
89%
小県郡青木村あおきむら
89%
木曽郡木曽福島町きそふくしままち
89%
南佐久郡南相木村みなみあいきむら
89%
下伊那郡喬木村たかぎむら
83%
下伊那郡南信濃村みなみしなのむら
83%
下伊那郡下條村しもじょうむら
83%
南佐久郡南牧村みなみまきむら
83%
下伊那郡平谷村ひらやむら
83%
下伊那郡阿智村あちむら
83%
上伊那郡宮田村みやだむら
83%
埴科郡坂城町さかきまち
83%
上高井郡高山村たかやまむら
83%
下高井郡山ノ内町やまのうちまち
83%
更埴市こうしょくし
78%
東筑摩郡波田町はたまち
78%
下高井郡木島平村きじまだいらむら
78%
上水内郡信州新町しんしゅうしんまち
78%
上水内郡戸隠村とがくしむら
78%
下伊那郡泰阜村やすおかむら
78%
木曽郡山口村やまぐちむら
78%
南佐久郡川上村かわかみむら
78%
小県郡真田町さなだまち
78%
下伊那郡大鹿村おおしかむら
78%
上伊那郡高遠町たかとおまち
78%
上伊那郡中川村なかがわむら
78%
南安曇郡穂高町ほたかまち
72%
上水内郡牟礼村むれむら
72%
小県郡和田村わだむら
72%
小県郡丸子町まるこまち
72%
上伊那郡飯島町いいじままち
72%
更級郡上山田町かみやまだまち
72%
下伊那郡清内路村せいないじむら
72%
北安曇郡池田町いけだまち
72%
南安曇郡梓川村あずさがわむら
72%
南佐久郡臼田町うすだまち
72%
南安曇郡奈川村ながわむら
72%
小県郡長門町ながとまち
72%
木曽郡楢川村ならかわむら
72%
南安曇郡豊科町とよしなまち
72%
東筑摩郡明科町あかしなまち
72%
東筑摩郡朝日村あさひむら
72%
東筑摩郡坂北村さかきたむら
67%
上水内郡小川村おがわむら
67%
上水内郡鬼無里村きなさむら
67%
木曽郡開田村かいだむら
67%
上水内郡豊野町とよのまち
67%
小県郡東部町とうぶまち
67%
北佐久郡北御牧村きたみまきむら
67%
下伊那郡浪合村なみあいむら
67%
東筑摩郡生坂村いくさかむら
67%
東筑摩郡麻績村おみむら
67%
上伊那郡長谷村はせむら
61%
木曽郡日義村ひよしむら
61%
北佐久郡望月町もちづきまち
61%
南安曇郡堀金村ほりがねむら
61%
北安曇郡美麻村みあさむら
61%
東筑摩郡四賀村しがむら
56%
東筑摩郡坂井村さかいむら
56%
小県郡武石村たけしむら
56%
東筑摩郡本城村ほんじょうむら
56%
南佐久郡八千穂村やちほむら
56%
下水内郡豊田村とよたむら
56%
北佐久郡浅科村あさしなむら
50%
上水内郡三水村さみずむら
50%
更級郡大岡村おおおかむら
50%
埴科郡戸倉町とぐらまち
50%
木曽郡三岳村みたけむら
44%
上水内郡中条村なかじょうむら
44%
南安曇郡三郷村みさとむら
39%
北安曇郡八坂村やさかむら
22%

Score Distribution

Percentile by Number Answered

Percent of People with Each Score

Your Score History

You have not taken this quiz since the last reset